Power of plants. (Record no. 27636)

MARC details
000 -LEADER
fixed length control field 00292nam a2200121Ia 4500
082 ## - DEWEY DECIMAL CLASSIFICATION NUMBER
Classification number 581
Item number LEH
100 ## - MAIN ENTRY--AUTHOR NAME
Personal name LEHANE, Brendan
245 #0 - TITLE STATEMENT
Title Power of plants.
260 ## - PUBLICATION, DISTRIBUTION, ETC. (IMPRINT)
Place of publication London
Name of publisher John Murray
Year of publication 1977
650 ## - SUBJECT ADDED ENTRY--TOPICAL TERM
Topical Term Plants evolution
942 ## - ADDED ENTRY ELEMENTS (KOHA)
Koha item type Books
Holdings
Withdrawn status Lost status Damaged status Not for loan Home library Current library Date acquired Full call number Accession Number Koha item type
        RRII Library RRII Library 16/12/2021 581 LEH 08253 Books